| 000 | 01217nam0a2200337 4500 | ||
|---|---|---|---|
| 001 | RU\NLR\bibl\510746 | ||
| 005 | 20250609142558.0 | ||
| 010 | _a5-080323-315-3 | ||
| 035 | _a(NLR Aleph) 000503247 | ||
| 090 |
_a1186795 _c1186795 |
||
| 100 | _a20040413d2000 |||y0rusy50 ca | ||
| 101 | 1 |
_arus _ceng |
|
| 102 | _aRU | ||
| 105 | _aa ||||||||| | ||
| 200 | 1 |
_aГомология _fС. Маклейн _gПер. с англ. М.С. Цаленко _gПод ред. А.Г. Куроша |
|
| 210 |
_aНовокузнецк _cНФМИ _d2000 |
||
| 215 |
_a543 с. _cил. _d20 |
||
| 225 | 1 | _aШедевры мировой физико-математической литературы | |
| 300 | _aВ предисл. авт.: проф. Чикаг. ун-та | ||
| 313 | _aпо изд. 1966 ГАК | ||
| 320 | _aБиблиогр.: с. 512-528 | ||
| 320 | _aУказ.: с. 532-537 | ||
| 606 | 0 |
_aГомологическая алгебра _9922131 _3RU\NLR\auth\6619336 |
|
| 686 | _aВ152.9 | ||
| 700 | 1 |
_aМаклейн _bС. _gСандерс _4070 |
|
| 801 | 0 |
_aRU _bNLR _c20040413 _gPSBO |
|
| 801 | 1 |
_aRU _bNLR _c20040413 |
|
| 830 | _aАвт. по кн. | ||
| 942 | _cBOOK | ||
| 980 | _aNB | ||